000
00304nam a22001337a 4500
008
170130b xxu||||| |||| 00| 0 eng d
020
_a
9780195050363
041
_a
eng
080
_2
3rd
_a
61
100
_a
3
101
_a
SHMI
245
_a
FOUNDATIONS OF EPIDEMIOLOGY
_c
LILIENFELD, D.E
942
_2
udc
_c
BK
999
_c
3992
_d
3992